000
00220nam a22000857a 4500
008
161124b xxu||||| |||| 00| 0 eng d
100
_9
1345
_a
BPI India
245
_a
Aladdin and Magic Lamp
260
_a
New Delhi
_b
BPI India
_c
2011
999
_c
4059
_d
4059